01445nam a2200301Ia 4500001001200000003000800012006001900020007001500039008004100054010001700095020001500112040002100127035002100148050002400169110010800193245029100301260005500592300002400647504004100671533015200712650002000864650003300884650003700917655002900954710001700983856012601000999001701126ebr10038722CaPaEBRm u cr cn|||||||||030428s2003 dcua sb 000 0 eng d z 2002117001 z0309086256 aCaPaEBRcCaPaEBR a(OCoLC)55951446314aRA571b.N38 2003xeb2 aNational Research Council (U.S.).bCommittee on Bioavailability of Contaminants in Soils and Sediments.10aBioavailability of contaminants in soils and sedimentsh[electronic resource] :bprocesses, tools, and applications /cCommittee on Bioavailability of Contaminants in Soils and Sediments, Water Science and Technology Board, Division on Earth and Life Studies, National Research Council. aWashington, D.C. :bNational Academy Press,c2003. axii, 420 p. :bill. aIncludes bibliographical references. aElectronic reproduction.bPalo Alto, Calif. :cebrary,d2009.nAvailable via World Wide Web.nAccess may be limited to ebrary affiliated libraries. 0aSoil pollution. 0aPollutantsxBioavailability. 0aSoil pollutionxDecision making. 7aElectronic books.2local2 aebrary, Inc.40uhttp://site.ebrary.com/lib/rucke/Doc?id=10038722zAn electronic book accessible through the World Wide Web; click to view c57044d57044